Statystyki dla Dopasuj polskiego (t)rapera do jego nuty! 50 piosenek!

Kliknij tutaj aby rozwiązać quiz!

Ogólne statystyki

  • Ten quiz został rozwiązany 683 razy
  • Średni wynik to 17 z 50

Statystyki odpowiedzi

TytułWykonawca% Poprawnych
JagodziankiMalik Montana ft. Mr.Polska
90%
Sorry DoloresReTo ft. Quebonafide
88%
FijiTaco Hemingway
83%
Tatuaże z HennyGUZIOR ft. ReTo
78%
hot coffeeSchafter
78%
DMTŻabson
76%
MINIMINISZPAKUx2K
74%
Dobry chłopakSarius ft.Szpaku
71%
stukupukuchillwagon
68%
MeowBeteo ft. ReTo
67%
DementorFilipek ft. Tymek
66%
Nowi KumpleWhite 2115 ft. Bedoes, Kuqe
59%
flagachillwagon
58%
AlcatrazO.S.T.R
56%
CICHOCIEMNIKizo ft. ReTo, Borixon
53%
IJO IJOLipa ft. Szpaku
46%
MenagoPlanBe
42%
Chcx ChcxGedz
41%
BólDeemz ft. Białas, Szpaku
38%
Brum BrumMata
35%
BlackoutKartky
34%
SemantykaTymek
33%
BanalneTymek ft. Wiatr
33%
Bor CrewKobik ft. Joda, Paluch, Szpaku
31%
MówOtsochodzi
31%
OnigiriGedz
30%
Niech to usłysząJAN-RAPOWANIExNOCNY ft. Szpaku
29%
PrzyjemniaczkiKizo
24%
dvdmlodyskiny ft. schafter
20%
TAKI ZWYCZAJKizo ft. Wac Toja
19%
Cały ŚwiatMIYO ft. Young Igi
19%
TRUDNYZeamsone
19%
Wino,kobiety i śpiewZelo ft. Białas
15%
A nie mówiłem?ZetHa
15%
Chudy ChłopakKALIxMAGIERA
13%
WirażeSzopeen
13%
presjaobi
12%
pandoraOpał ft. Słon
12%
Jeden dzieńYoung Multi
12%
Mary JaneKALIxMAGIERA ft. Włodi
11%
FREESTYLEPlanBe
11%
elegy driftinmłodszy joe ft. schafter
9%
Władca literKaeN
8%
PolakPLK
8%
Mówili miKleszcz
6%
La la laSulin
5%
NARA NARAMarianne
3%
FlashbackKaeN
2%
VII Nie kradnijSOBOTAxMATHEO
2%
PrzepraszamSOBOTAxMATHEO
1%

Rozkład punktacji

Percentyl według liczby udzielonych odpowiedzi

Procent ludzi z każdym wynikiem

Twoja historia wyników

Nie rozwiązałeś tego quizu